5 Biggest Cities That Start With E in Each State - Statistics

General Stats
  • This quiz has been taken 31 times
  • The average score is 39 of 246
Answer Stats
Hint Pop Answer % Correct
Texas 680,130 El Paso
78%
Colorado 22,396 Evans
78%
Georgia 36,998 Evans
78%
Oregon 179,591 Eugene
74%
Indiana 116,116 Evansville
74%
Wisconsin 5,782 Evansville
74%
Wyoming 2,779 Evansville
74%
Colorado 10,785 Edwards
70%
Mississippi 930 Edwards
70%
Colorado 33,808 Erie
61%
Pennsylvania 93,850 Erie
61%
Idaho 421 Eden
57%
North Carolina 15,356 Eden
57%
Wyoming 472 Eden
57%
New Jersey 137,302 Elizabeth
57%
North Carolina 18,871 Elizabeth
57%
Massachusetts 25,316 Easton
52%
Pennsylvania 29,739 Easton
52%
California 179,155 Elk Grove
52%
Illinois 76,340 Evanston
52%
Wyoming 11,800 Evanston
52%
Massachusetts 50,045 Everett
52%
Washington 111,845 Everett
52%
Idaho 32,855 Eagle
48%
Nebraska 1,259 Eagle
48%
Wisconsin 70,322 Eau Claire
48%
Nevada 3,929 Ely
48%
Nevada 20,696 Elko
43%
Oklahoma 96,825 Edmond
39%
Illinois 26,474 Edwardsville
39%
Kansas 4,724 Edwardsville
39%
Illinois 114,934 Elgin
39%
Nebraska 642 Elgin
39%
North Dakota 585 Elgin
39%
Oklahoma 3,608 Elgin
39%
South Carolina 2,360 Elgin
39%
New York 26,257 Elmira
39%
Oklahoma 50,653 Enid
39%
Missouri 13,081 Eureka
39%
Montana 1,840 Eureka
39%
Nevada 257 Eureka
39%
Hawaii 51,360 East Honolulu
35%
Michigan 45,758 East Lansing
35%
Texas 104,550 Edinburg
35%
California 104,449 El Cajon
35%
Kentucky 32,576 Elizabethtown
35%
Alabama 29,505 Enterprise
35%
Nevada 240,464 Enterprise
35%
Oregon 2,131 Enterprise
35%
West Virginia 1,087 Enterprise
35%
Maryland 40,580 Essex
35%
Vermont 11,516 Essex
35%
Rhode Island 47,281 East Providence
30%
California 149,668 Escondido
30%
Texas 28,339 Eagle Pass
26%
Indiana 26,022 East Chicago
26%
Connecticut 50,918 East Hartford
26%
California 111,647 East Los Angeles
26%
New Jersey 70,090 East Orange
26%
Minnesota 63,051 Eden Prairie
26%
New Jersey 108,164 Edison
26%
Indiana 53,733 Elkhart
26%
California 106,109 El Monte
26%
Ohio 53,035 Elyria
26%
Ohio 13,534 East Cleveland
22%
Illinois 45,671 Elmhurst
22%
Colorado 34,129 Englewood
22%
Ohio 13,356 Englewood
22%
Alabama 3,404 Evergreen
22%
Colorado 8,602 Evergreen
22%
Montana 9,611 Evergreen
22%
New Hampshire 16,151 Exeter
22%
Pennsylvania 25,608 Exeter
22%
Rhode Island 7,195 Exeter
22%
Arkansas 17,115 El Dorado
17%
Kansas 12,769 El Dorado
17%
Idaho 202 Elk City
17%
Oklahoma 11,361 Elk City
17%
Maryland 75,257 Ellicott City
17%
North Carolina 11,032 Elon
17%
Nebraska 885 Emerson
17%
Idaho 8,275 Emmett
17%
Michigan 11,726 Emmett
17%
Ohio 48,823 Euclid
17%
Minnesota 68,000 Eagan
13%
New Jersey 49,945 East Brunswick
13%
Massachusetts 16,086 Easthampton
13%
New York 28,701 East Hampton
13%
Connecticut 27,806 East Haven
13%
Florida 33,283 East Lake
13%
Ohio 17,493 Eastlake
13%
Maine 2,223 Eddington
13%
Minnesota 53,262 Edina
13%
Washington 42,735 Edmonds
13%
Tennessee 14,374 Elizabethton
13%
Wisconsin 10,221 Elkhorn
13%
South Dakota 977 Elkton
13%
Virginia 3,006 Elkton
13%
Kansas 3,108 Ellsworth
13%
Maine 8,657 Ellsworth
13%
Louisiana 6,077 Elmwood
13%
Nebraska 774 Elmwood
13%
Kansas 24,131 Emporia
13%
Virginia 5,547 Emporia
13%
Vermont 10,803 Essex Junction
13%
Utah 53,290 Eagle Mountain
9%
Oregon 9,839 Eagle Point
9%
South Carolina 24,841 Easley
9%
Rhode Island 14,554 East Greenwich
9%
Montana 1,702 East Helena
9%
Georgia 38,335 East Point
9%
Michigan 33,982 Eastpointe
9%
Tennessee 22,070 East Ridge
9%
Louisiana 4,440 Eastwood
9%
Wisconsin 6,014 Edgerton
9%
Alaska 174 Eek
9%
West Virginia 1,726 Eleanor
9%
Connecticut 16,455 Ellington
9%
Arizona 17,433 Eloy
9%
Oklahoma 18,557 El Reno
9%
Indiana 8,356 Elwood
9%
Utah 8,144 Enoch
9%
Michigan 12,354 Escanaba
9%
Texas 60,421 Euless
9%
Hawaii 14,376 Ewa Beach
9%
Hawaii 26,563 Ewa Gentry
9%
Arizona 4,416 Eagar
4%
Oregon 2,677 Eagle Crest
4%
Minnesota 12,115 East Bethel
4%
New York 33,974 Eastchester
4%
Massachusetts 16,425 East Longmeadow
4%
Connecticut 18,721 East Lyme
4%
Washington 23,721 Eastmont
4%
Nevada 1,283 East Valley
4%
South Carolina 4,010 Edgefield
4%
South Dakota 860 Edgemont
4%
Kentucky 8,447 Edgewood
4%
Maryland 24,922 Edgewood
4%
New Mexico 6,124 Edgewood
4%
Georgia 4,720 Elberton
4%
Maine 7,146 Eliot
4%
Illinois 31,987 Elk Grove Village
4%
Arkansas 3,808 Elkins
4%
West Virginia 6,811 Elkins
4%
Washington 20,874 Ellensburg
4%
Mississippi 4,521 Ellisville
4%
Missouri 10,002 Ellisville
4%
Wisconsin 6,459 Elm Grove
4%
Arizona 36,088 El Mirage
4%
Wyoming 466 Encampment
4%
Connecticut 41,090 Enfield
4%
Maine 1,462 Enfield
4%
New Hampshire 4,475 Enfield
4%
Montana 777 Ennis
4%
Texas 22,588 Ennis
4%
Utah 5,949 Ephraim
4%
New Hampshire 7,430 Epping
4%
New Hampshire 4,939 Epsom
4%
Kentucky 19,875 Erlanger
4%
New Mexico 10,473 Espanola
4%
Oregon 5,152 Estacada
4%
Alaska 2,752 Ester
4%
Kansas 6,119 Eudora
4%
Alabama 12,584 Eufaula
4%
Florida 24,119 Eustis
4%
Hawaii 7,415 Ewa Villages
4%
Missouri 10,484 Excelsior Springs
4%
South Dakota 1,458 Eagle Butte
0%
Iowa 3,593 Eagle Grove
0%
Tennessee 5,598 Eagleton Village
0%
West Virginia 850 East Bank
0%
Utah 4,002 East Basin
0%
Michigan 11,682 East Bay
0%
Massachusetts 14,456 East Bridgewater
0%
South Carolina 4,194 East Camden
0%
North Dakota 450 East Dunseith
0%
Arkansas 6,912 East End
0%
New York 29,772 East Fishkill
0%
North Carolina 6,323 East Flat Rock
0%
Arizona 945 East Fork
0%
South Carolina 2,824 East Gaffney
0%
New York 16,687 East Greenbush
0%
Pennsylvania 26,745 East Hempfield
0%
Virginia 15,265 East Highland Park
0%
Idaho 265 East Hope
0%
Hawaii 7,551 East Kapolei
0%
New Hampshire 2,311 East Kingston
0%
Florida 29,213 East Lake-Orient Park
0%
Georgia 5,584 Eastman
0%
Maine 1,495 East Millinocket
0%
Montana 2,099 East Missoula
0%
Vermont 2,612 East Montpelier
0%
Pennsylvania 21,162 East Pennsboro
0%
Georgia 6,515 Eatonton
0%
Mississippi 1,550 Ecru
0%
Kentucky 2,897 Eddyville
0%
Louisiana 7,683 Eden Isle
0%
North Dakota 666 Edgeley
0%
Delaware 6,349 Edgemoor
0%
Florida 35,873 Egypt Lake-Leto
0%
Arizona 697 Ehrenberg
0%
Alaska 3,155 Eielson AFB
0%
Alabama 3,468 Elba
0%
New Mexico 5,323 El Cerro Mission
0%
Maryland 31,695 Eldersburg
0%
Missouri 4,556 Eldon
0%
New Mexico 5,619 Eldorado at Santa Fe
0%
Missouri 3,586 El Dorado Springs
0%
Iowa 6,818 Eldridge
0%
Alaska 383 Elim
0%
Washington 14,276 Elk Plain
0%
South Dakota 2,537 Elk Point
0%
Maryland 26,283 Elkridge
0%
Utah 4,898 Elk Ridge
0%
Minnesota 26,793 Elk River
0%
West Virginia 671 Elkview
0%
Delaware 760 Ellendale
0%
North Dakota 1,033 Ellendale
0%
Indiana 6,698 Ellettsville
0%
Nebraska 1,107 Elm Creek
0%
Arkansas 3,069 Elm Springs
0%
Delaware 6,203 Elsmere
0%
Kentucky 9,205 Elsmere
0%
Alabama 3,535 Emerald Mountain
0%
Iowa 3,648 Emmetsburg
0%
Alaska 966 Emmonak
0%
North Dakota 985 Enderlin
0%
Virginia 4,137 Enon
0%
Vermont 1,570 Enosburg Falls
0%
Vermont 2,804 Enosburgh
0%
Tennessee 5,988 Erwin
0%
Mississippi 3,494 Escatawpa
0%
Louisiana 16,341 Estelle
0%
South Dakota 831 Estelline
0%
Florida 37,858 Estero
0%
Iowa 5,839 Estherville
0%
Wyoming 1,326 Ethete
0%
North Carolina 7,968 Etowah
0%
Tennessee 3,658 Etowah
0%
Virginia 5,910 Ettrick
0%
Louisiana 9,239 Eunice
0%
New Mexico 3,015 Eunice
0%
Mississippi 2,250 Eupora
0%
Arkansas 2,433 Eureka Springs
0%
Iowa 4,518 Evansdale
0%
New Jersey 48,179 Evesham
0%
No matching quizzes found
Score Distribution
Percent of People with Each Score
Percentile by Number Answered
Your Score History
You have not taken this quiz